Eastern Utah Libraries Catalog: Duchesne, Heber, Roosevelt, & Vernal

The American story : (Record no. 323249)

MARC details
000 -LEADER
fixed length control field 06309cam a2200937 i 4500
001 - CONTROL NUMBER
control field on1122870695
003 - CONTROL NUMBER IDENTIFIER
control field OCoLC
005 - DATE AND TIME OF LATEST TRANSACTION
control field 20200320222735.0
008 - FIXED-LENGTH DATA ELEMENTS--GENERAL INFORMATION
fixed length control field 191003t20192019nyuabch 001 0deng d
015 ## - NATIONAL BIBLIOGRAPHY NUMBER
National bibliography number GBB9G8434
Source bnb
016 7# - NATIONAL BIBLIOGRAPHIC AGENCY CONTROL NUMBER
Record control number 019569936
Source Uk
020 ## - INTERNATIONAL STANDARD BOOK NUMBER
International Standard Book Number 9781982120252
Qualifying information hardcover
020 ## - INTERNATIONAL STANDARD BOOK NUMBER
International Standard Book Number 1982120258
Qualifying information hardcover
029 0# - (OCLC)
OCLC library identifier UKMGB
System control number 019569936
035 ## - SYSTEM CONTROL NUMBER
System control number (OCoLC)1122870695
040 ## - CATALOGING SOURCE
Original cataloging agency UKMGB
Language of cataloging eng
Description conventions rda
Transcribing agency UKMGB
Modifying agency OCLCO
-- BDX
-- IEP
-- OCLCO
-- JTH
-- RB0
-- OQX
-- UAP
-- ZNS
-- OCLCF
-- WEL
-- OF9
-- YDX
-- WACOL
043 ## - GEOGRAPHIC AREA CODE
Geographic area code n-us---
049 ## - LOCAL HOLDINGS (OCLC)
Holding library WACL
050 14 - LIBRARY OF CONGRESS CALL NUMBER
Classification number E175
Item number .R83 2019
082 04 - DEWEY DECIMAL CLASSIFICATION NUMBER
Classification number 907.2/02
Edition number 23
092 ## - LOCALLY ASSIGNED DEWEY CALL NUMBER (OCLC)
Classification number 907.2
Item number Rub
100 1# - MAIN ENTRY--PERSONAL NAME
Personal name Rubenstein, David M.,
Relator term author.
9 (RLIN) 6016296
245 14 - TITLE STATEMENT
Title The American story :
Remainder of title conversations with master historians /
Statement of responsibility, etc David M. Rubenstein.
246 30 - VARYING FORM OF TITLE
Title proper/short title Conversations with master historians
250 ## - EDITION STATEMENT
Edition statement First Simon & Schuster hardcover edition.
264 #1 - Production, Publication, Distribution, Manufacture, and Copyright Notice.
Place of production, publication, distribution, manufacture New York :
Name of producer, publisher, distributor, manufacturer Simon & Schuster,
Date of production, publication, distribution, manufacture, or copyr 2019.
264 #4 - Production, Publication, Distribution, Manufacture, and Copyright Notice.
Date of production, publication, distribution, manufacture, or copyr ©2019
300 ## - PHYSICAL DESCRIPTION
Extent xvii, 396 pages :
Other physical details illustrations, map, portraits, facsimiles ;
Dimensions 25 cm
336 ## - Content Type
Content type term text
336 ## - Content Type
Content type term still image
337 ## - Media type
Media type term unmediated
338 ## - Carrier type
Carrier type term volume
500 ## - GENERAL NOTE
General note Includes index.
505 0# - FORMATTED CONTENTS NOTE
Formatted contents note Foreword by Librarian of Congress Carla Hayden -- Introduction by David M. Rubenstein -- Jack D. Warren Jr. on George Washington -- David McCollough on John Adams -- Jon Meacham on Thomas Jefferson -- Ron Chernow on Alexander Hamilton -- Walter Isaacson on Benjamin Franklin -- Cokie Roberts on founding mothers -- Doris Kearns Goodwin on Abraham Lincoln -- A. Scott Berg on Charles Lindbergh -- Jay Winik on Franklin Delano Roosevelt -- Jean Edward Smith on Dwight D. Eisenhower -- Richard Reeves on John F. Kennedy -- Taylor Branch on Martin Luther King Jr. and the civil rights movement -- Robert A. Caro on Lyndon B. Johnson -- Bob Woodward on Richard M. Nixon and executive power -- H. W. Brands on Ronald Reagan -- Chief Justice John G. Roberts Jr. on the U.S. Supreme Court.
520 ## - SUMMARY, ETC.
Summary, etc Co-founder of The Carlyle Group and patriotic philanthropist David M. Rubenstein takes readers on a sweeping journey across the grand arc of the American story through revealing conversations with our greatest historians. In these lively dialogues, the biggest names in American history explore the subjects they've come to so intimately know and understand: David McCullough on John Adams, Jon Meacham on Thomas Jefferson, Ron Chernow on Alexander Hamilton, Walter Isaacson on Benjamin Franklin, Doris Kearns Goodwin on Abraham Lincoln, A. Scott Berg on Charles Lindbergh, Taylor Branch on Martin Luther King, Robert Caro on Lyndon B. Johnson, Bob Woodward on Richard Nixon, and many others, including a special conversation with Chief Justice John Roberts. Through his popular program The David Rubenstein Show, David Rubenstein has established himself as one of our most thoughtful interviewers. Now, in The American Story, David captures the brilliance of our most esteemed historians, as well as the souls of their subjects. The book features introductions by Rubenstein as well a foreword by Librarian of Congress Carla Hayden, the first woman and the first African American to lead our national library. Richly illustrated with archival images from the Library of Congress, the book is destined to become a classic for serious readers of American history. Through these captivating exchanges, these bestselling and Pulitzer Prize-winning authors offer fresh insight on pivotal moments from the Founding Era to the late 20th century.
521 ## - TARGET AUDIENCE NOTE
Target audience note Nonfiction
Source Baker & Taylor
650 #0 - SUBJECT ADDED ENTRY--TOPICAL TERM
Topical term or geographic name as entry element Historians
Geographic subdivision United States
Form subdivision Interviews.
9 (RLIN) 6016297
600 10 - SUBJECT ADDED ENTRY--PERSONAL NAME
Personal name Washington, George,
Dates associated with a name 1732-1799.
9 (RLIN) 6016298
600 10 - SUBJECT ADDED ENTRY--PERSONAL NAME
Personal name Adams, John,
Dates associated with a name 1735-1826.
9 (RLIN) 6016299
600 10 - SUBJECT ADDED ENTRY--PERSONAL NAME
Personal name Jefferson, Thomas,
Dates associated with a name 1743-1826.
9 (RLIN) 6016300
600 10 - SUBJECT ADDED ENTRY--PERSONAL NAME
Personal name Hamilton, Alexander,
Dates associated with a name 1757-1804.
9 (RLIN) 6614
600 10 - SUBJECT ADDED ENTRY--PERSONAL NAME
Personal name Franklin, Benjamin,
Dates associated with a name 1706-1790.
9 (RLIN) 6016301
600 10 - SUBJECT ADDED ENTRY--PERSONAL NAME
Personal name Lincoln, Abraham,
Dates associated with a name 1809-1865.
9 (RLIN) 6016302
600 10 - SUBJECT ADDED ENTRY--PERSONAL NAME
Personal name Lindbergh, Charles A.
Fuller form of name (Charles Augustus),
Dates associated with a name 1902-1974.
9 (RLIN) 6016303
600 10 - SUBJECT ADDED ENTRY--PERSONAL NAME
Personal name Roosevelt, Franklin D.
Fuller form of name (Franklin Delano),
Dates associated with a name 1882-1945.
9 (RLIN) 6016304
600 10 - SUBJECT ADDED ENTRY--PERSONAL NAME
Personal name Eisenhower, Dwight D.
Fuller form of name (Dwight David),
Dates associated with a name 1890-1969.
9 (RLIN) 6016305
600 10 - SUBJECT ADDED ENTRY--PERSONAL NAME
Personal name Kennedy, John F.
Fuller form of name (John Fitzgerald),
Dates associated with a name 1917-1963.
9 (RLIN) 6016306
600 10 - SUBJECT ADDED ENTRY--PERSONAL NAME
Personal name King, Martin Luther,
Titles and other words associated with a name Jr.,
Dates associated with a name 1929-1968.
9 (RLIN) 6016307
600 10 - SUBJECT ADDED ENTRY--PERSONAL NAME
Personal name Johnson, Lyndon B.
Fuller form of name (Lyndon Baines),
Dates associated with a name 1908-1973.
9 (RLIN) 6016308
600 10 - SUBJECT ADDED ENTRY--PERSONAL NAME
Personal name Nixon, Richard M.
Fuller form of name (Richard Milhous),
Dates associated with a name 1913-1994.
9 (RLIN) 6016309
600 10 - SUBJECT ADDED ENTRY--PERSONAL NAME
Personal name Reagan, Ronald.
9 (RLIN) 6016310
650 #0 - SUBJECT ADDED ENTRY--TOPICAL TERM
Topical term or geographic name as entry element Constitutional courts
Geographic subdivision United States.
9 (RLIN) 6016311
650 #0 - SUBJECT ADDED ENTRY--TOPICAL TERM
Topical term or geographic name as entry element Civil rights movements
Geographic subdivision United States
General subdivision History
Chronological subdivision 20th century.
9 (RLIN) 100398
651 #0 - SUBJECT ADDED ENTRY--GEOGRAPHIC NAME
Geographic name United States
General subdivision History.
9 (RLIN) 93155
650 #7 - SUBJECT ADDED ENTRY--TOPICAL TERM
Topical term or geographic name as entry element Historians.
Source of heading or term fast
-- (OCoLC)fst00957686
9 (RLIN) 6016312
650 #7 - SUBJECT ADDED ENTRY--TOPICAL TERM
Topical term or geographic name as entry element Historiography.
Source of heading or term fast
-- (OCoLC)fst00958221
9 (RLIN) 85339
651 #7 - SUBJECT ADDED ENTRY--GEOGRAPHIC NAME
Geographic name United States.
Source of heading or term fast
-- (OCoLC)fst01204155
9 (RLIN) 6016313
700 1# - ADDED ENTRY--PERSONAL NAME
Personal name Warren, Jack D.,
Relator term interviewee.
9 (RLIN) 6016314
700 1# - ADDED ENTRY--PERSONAL NAME
Personal name McCullough, David G.,
Relator term interviewee.
9 (RLIN) 1748
700 1# - ADDED ENTRY--PERSONAL NAME
Personal name Meacham, Jon,
Relator term interviewee.
9 (RLIN) 647
700 1# - ADDED ENTRY--PERSONAL NAME
Personal name Chernow, Ron,
Relator term interviewee.
9 (RLIN) 32519
700 1# - ADDED ENTRY--PERSONAL NAME
Personal name Isaacson, Walter,
Relator term interviewee.
9 (RLIN) 18982
700 1# - ADDED ENTRY--PERSONAL NAME
Personal name Roberts, Cokie,
Relator term interviewee.
9 (RLIN) 31397
700 1# - ADDED ENTRY--PERSONAL NAME
Personal name Goodwin, Doris Kearns,
Relator term interviewee.
9 (RLIN) 20713
700 1# - ADDED ENTRY--PERSONAL NAME
Personal name Berg, A. Scott
Fuller form of name (Andrew Scott),
Relator term interviewee.
9 (RLIN) 4532
700 1# - ADDED ENTRY--PERSONAL NAME
Personal name Winik, Jay,
Dates associated with a name 1957-
Relator term interviewee.
9 (RLIN) 5890384
700 1# - ADDED ENTRY--PERSONAL NAME
Personal name Smith, Jean Edward,
Relator term interviewee.
9 (RLIN) 28892
700 1# - ADDED ENTRY--PERSONAL NAME
Personal name Reeves, Richard,
Dates associated with a name 1936-
Relator term interviewee.
9 (RLIN) 15271
700 1# - ADDED ENTRY--PERSONAL NAME
Personal name Branch, Taylor,
Relator term interviewee.
9 (RLIN) 13782
700 1# - ADDED ENTRY--PERSONAL NAME
Personal name Caro, Robert A.,
Relator term interviewee.
9 (RLIN) 17146
700 1# - ADDED ENTRY--PERSONAL NAME
Personal name Woodward, Bob,
Dates associated with a name 1943-
Relator term interviewee.
9 (RLIN) 5926536
700 1# - ADDED ENTRY--PERSONAL NAME
Personal name Brands, H. W.,
Relator term interviewee.
9 (RLIN) 27509
700 1# - ADDED ENTRY--PERSONAL NAME
Personal name Roberts, John G.,
Titles and other words associated with a name Jr.,
Dates associated with a name 1955-
Relator term interviewee.
9 (RLIN) 6016315
700 1# - ADDED ENTRY--PERSONAL NAME
Personal name Hayden, Carla Diane,
Dates associated with a name 1952-
Relator term author of foreword.
9 (RLIN) 6016316
710 2# - ADDED ENTRY--CORPORATE NAME
Corporate name or jurisdiction name as entry element Simon and Schuster, inc.,
Relator term publisher.
9 (RLIN) 4102
938 ## -
-- Brodart
-- BROD
-- 124105289
942 ## - ADDED ENTRY ELEMENTS (KOHA)
Koha item type BOOK
948 ## - LOCAL PROCESSING INFORMATION (OCLC); SERIES PART DESIGNATOR (RLIN)
Series part designator, SPT (RLIN) 12/11/2019
z (OCLC) Sirsi
994 ## -
-- C0
-- WACOL
996 ## -
-- 172973
-- 34301001651639
-- NF
-- bk
-- wcl
-- o
-- 4
-- 30.00
-- Baker & Taylor
-- 907.2 Rub
-- 12/11/2019
-- 03/11/2020
-- 03/13/2020
Holdings
Withdrawn status Lost status Source of classification or shelving scheme Damaged status Not for loan Collection code Home library Current library Shelving location Date acquired Source of acquisition Cost, normal purchase price Total Checkouts Total Renewals Full call number Barcode Date last seen Date checked out Cost, replacement price Price effective from Koha item type
    Dewey Decimal Classification     General NonFiction Wasatch County Library Wasatch County Library Second Floor 12/11/2019   30.00 8 5 907.2 Rub 34301001651639 10/26/2025 09/15/2025 30.00 03/20/2020 BOOK
This project was made possible through a grant from the Institute of Museum and Library Service administered by the Utah State Library Division.

Wasatch County Library

  • 465 East 1200 South, Heber City, Utah 84032
  • Phone 435-654-1511 | Fax 435-654-6456

Hours

  • Monday - Friday 9:30 AM - 8:00 PM
  • Saturday 9:30 AM - 1:30 PM
  • Closed Sundays and Holidays